00653npc a2200181Ia 4500001002200000003001000022008004100032040002500073041000700098100001100105240009300116245009300209250001100302260005500313300001400368500007600382650001300458db9-2495 [d000002626]IT-MiCISF161014s9999||||xx | und|| aIT-MiCISFcIT-MiCISF aen aAA.VV. aThe Danish Council of Ethics Fifth Annual Report; Ethics and Mapping of the Human Genome 4aThe Danish Council of Ethics Fifth Annual Report; Ethics and Mapping of the Human Genome a1a ed. a CopenhagenbThe Danish Council of Bioethicsc1993 app. 29-86 aThe Danish Council of Ethics / bioetica, comitati-di-etica, genetica /  abioetica